Descripción de la Vía Romana entre Uxama y Augustóbriga / (Registro nro. 18712)

Detalles MARC
000 -LEADER
campo de control de longitud fija 00836nam a2200229 i 4500
001 - NÚMERO DE CONTROL
campo de control 18712
003 - IDENTIFICADOR DE NÚMERO DE CONTROL
campo de control ES-MaACL
005 - FECHA Y HORA DE LA ÚLTIMA TRANSACCIÓN
campo de control 20240312215324.0
007 - CAMPO FIJO DE DESCRIPCIÓN FÍSICA--INFORMACIÓN GENERAL
campo de control de longitud fija t|
008 - DATOS DE LONGITUD FIJA--INFORMACIÓN GENERAL
campo de control de longitud fija 020305s2000 sp ||||1| spa d
020 ## - NÚMERO INTERNACIONAL ESTÁNDAR DEL LIBRO
Número Internacional Estándar del Libro 84-88065-11-6
080 ## - NÚMERO DE LA CLASIFICACIÓN DECIMAL UNIVERSAL
Número de la Clasificación Decimal Universal 625.711.1(37:460)
100 1# - ENTRADA PRINCIPAL--NOMBRE DE PERSONA
Nombre de persona Saavedra, Eduardo,
Fechas asociadas al nombre 1829-1912
9 (RLIN) 101132
245 10 - MENCIÓN DEL TÍTULO
Título Descripción de la Vía Romana entre Uxama y Augustóbriga /
Mención de responsabilidad, etc. Eduardo Saavedra ; [estudio introductorio por Enrique Baquedano y Carlos Caballero].
260 ## - PUBLICACIÓN, DISTRIBUCIÓN, ETC.
Lugar de publicación, distribución, etc. Sevilla la Nueva (Madrid) [etc.] :
Nombre del editor, distribuidor, etc. Egeria [etc.],
Fecha de publicación, distribución, etc. 2000.
300 ## - DESCRIPCIÓN FÍSICA
Extensión 46, 116 p., 5 lám. en neg y col., pleg. ;
Dimensiones 26 cm.
650 14 - PUNTO DE ACCESO ADICIONAL DE MATERIA--TÉRMINO DE MATERIA
Término de materia o nombre geográfico como elemento de entrada Vías romanas-
Subdivisión geográfica España.
9 (RLIN) 17785
700 1# - ENTRADA AGREGADA--NOMBRE PERSONAL
Nombre de persona Baquedano, Enrique.
9 (RLIN) 25254
700 1# - ENTRADA AGREGADA--NOMBRE PERSONAL
Nombre de persona Caballero, Carlos.
9 (RLIN) 33074
852 ## - LOCALIZACIÓN
Ubicación ES-MaACL
Número de control de estantería L-25287
Sublocalización o colección R.130224
Existencias
Estatus retirado Estado de pérdida Estado de daño No para préstamo Biblioteca de origen Biblioteca actual Ubicación en estantería Fecha de adquisición Fuente de adquisición Total de préstamos Signatura topográfica completa Código de barras Visto por última vez Precio de reemplazo Tipo de ítem Koha
        Biblioteca del Ateneo de Madrid Biblioteca del Ateneo de Madrid Depósito 2 17/01/2008     L-25287 1019149 23/02/2023 23/02/2023 Libro impreso